The noble scholar, jurist, historian


 His Excellency Dr. Abdul Wahhab bin Ibrahim Abu Sulaiman, may Allah have mercy on him.


 He was born in Umm Al-Qura in the year 1356 AH.

كتب الرحلات في المغرب الأقصى : (Record no. 3330)

MARC details
000 -LEADER
fixed length control field 01425cam a2200277 i 4500
003 - CONTROL NUMBER IDENTIFIER
control field SA-RiAUC
005 - DATE AND TIME OF LATEST TRANSACTION
control field 20241211122009.0
008 - FIXED-LENGTH DATA ELEMENTS--GENERAL INFORMATION
fixed length control field 241210s2008 su g f000 0 ara c
040 ## - CATALOGING SOURCE
Original cataloging agency SA-TaTU
Language of cataloging ara
Transcribing agency SA-RiAUC
Description conventions rda
043 ## - GEOGRAPHIC AREA CODE
Geographic area code a-su---
082 04 - DEWEY DECIMAL CLASSIFICATION NUMBER
Classification number 915.31204
090 ## - LOCALLY ASSIGNED LC-TYPE CALL NUMBER (OCLC); LOCAL CALL NUMBER (RLIN)
Classification number (OCLC) (R) ; Classification number, CALL (RLIN) (NR) 915.31204
Local cutter number (OCLC) ; Book number/undivided call number, CALL (RLIN) ن و ا
100 1# - MAIN ENTRY--PERSONAL NAME
Personal name نواب، عواطف محمد يوسف،
Dates associated with a name 1378 هجري-
Relator term مؤلف.
245 10 - TITLE STATEMENT
Title كتب الرحلات في المغرب الأقصى :
Remainder of title مصدر من مصادر تاريخ الحجاز في القرنين الحادي عشر والثاني عشر الهجريين : دراسة تحليلية نقدية مقارنة /
Statement of responsibility, etc. عواطف محمد يوسف نواب.
264 #1 - PRODUCTION, PUBLICATION, DISTRIBUTION, MANUFACTURE, AND COPYRIGHT NOTICE
Place of production, publication, distribution, manufacture الرياض :
Name of producer, publisher, distributor, manufacturer دارة الملك عبد العزيز،
Date of production, publication, distribution, manufacture, or copyright notice 2008
300 ## - PHYSICAL DESCRIPTION
Extent 748 صفحة ؛
Dimensions 30 سم.
336 ## - CONTENT TYPE
Content type term نص
Content type code txt
Source rdacontent
Materials specified كتاب
337 ## - MEDIA TYPE
Media type term بدون وسيط
Media type code n
Source rdamedia
338 ## - CARRIER TYPE
Carrier type term مجلد
Carrier type code nc
Source rdacarrier
490 0# - SERIES STATEMENT
Series statement سلسلة الرسائل الجامعية / دارة الملك عبد العزيز (الرياض) ؛
Volume/sequential designation 29
500 ## - GENERAL NOTE
General note أهداء من المؤلف عواطف بنت محمد يوسف نواب يوم الاحد 29/ 5 /1430 هـ
651 #7 - SUBJECT ADDED ENTRY--GEOGRAPHIC NAME
Geographic name الحجاز (السعودية)
General subdivision وصف ورحلات
Source of heading or term aucsh
651 #7 - SUBJECT ADDED ENTRY--GEOGRAPHIC NAME
Geographic name الحجاز (السعودية)
General subdivision تاريخ
Chronological subdivision قرون 11-12 هجري
Source of heading or term aucsh
942 ## - ADDED ENTRY ELEMENTS (KOHA)
Source of classification or shelving scheme Dewey Decimal Classification
Koha item type Books
Suppress in OPAC No
949 ## - LOCAL PROCESSING INFORMATION (OCLC)
a SA-JeALM
d 241210
u mohamedma123
n 1
Holdings
Withdrawn status Lost status Source of classification or shelving scheme Damaged status Not for loan Collection Home library Current library Date acquired Total checkouts Full call number Barcode Date last seen Price effective from Koha item type
    Dewey Decimal Classification     اهداء DR AbdElwahab Library DR AbdElwahab Library 12/11/2024   915.31204 ن و ا 000005263 12/11/2024 12/11/2024 Books
    Dewey Decimal Classification       DR AbdElwahab Library DR AbdElwahab Library 01/13/2091   915.31204 ن و ا 000007144 01/13/2025 01/13/2025 Books